| 000 | 00324cam a22001097a 4500 | ||
|---|---|---|---|
| 008 | 180718b1982 xxu||||| |||| 00| 0 eng d | ||
| 082 | _aA75 R137K | ||
| 100 | _aGupta, Savitri | ||
| 245 |
_aRajasthan district gazetteers: Kota _cby Savitri Gupta |
||
| 260 |
_aJaipur _bDirectorate of District Gazetteers _c1982 |
||
| 300 | _a544+p. | ||
| 999 |
_c487170 _d487170 |
||